Aparnayude thadavarakal(aswathiyudethum) (Record no. 81312)

MARC details
000 -LEADER
fixed length control field 00496 a2200181 4500
005 - DATE AND TIME OF LATEST TRANSACTION
control field 20150625155321.0
008 - FIXED-LENGTH DATA ELEMENTS--GENERAL INFORMATION
fixed length control field 150624b xxu||||| |||| 00| 0 eng d
020 ## - INTERNATIONAL STANDARD BOOK NUMBER
International Standard Book Number 9788126443208
080 ## - UNIVERSAL DECIMAL CLASSIFICATION NUMBER
Universal Decimal Classification number FM
Item number CHA/A
100 ## - MAIN ENTRY--PERSONAL NAME
Personal name Chandramathi
245 ## - TITLE STATEMENT
Title Aparnayude thadavarakal(aswathiyudethum)
260 ## - PUBLICATION, DISTRIBUTION, ETC. (IMPRINT)
Name of publisher, distributor, etc DC Books
Place of publication, distribution, etc Kottayam
Date of publication, distribution, etc 2013
300 ## - PHYSICAL DESCRIPTION
Extent 102p.
500 ## - GENERAL NOTE
General note DC Sahityolsavam
653 ## - INDEX TERM--UNCONTROLLED
Uncontrolled term Fiction - Malayalam literature
653 ## - INDEX TERM--UNCONTROLLED
Uncontrolled term Novels - Malayalam literature
942 ## - ADDED ENTRY ELEMENTS (KOHA)
item type Books
Holdings
Lost status Source of classification or shelving scheme Not for loan Home library Current library Shelving location Date acquired Cost, normal purchase price Total Checkouts Full call number Barcode Date last seen Date checked out Cost, replacement price Price effective from Koha item type
  Universal Decimal Classification   University Library University Library Fiction 24/01/2015 0.00 2 FM CHA/A 00072308 08/11/2023 06/11/2023 0.00 24/01/2015 Books
University Library, CUSAT